Social Studies 8 - Map Quiz 2 - Statistics

General Stats
  • This quiz has been taken 66 times
  • The average score is 20 of 28
Answers on the Map
Answers color-coded by a green-red scale on the quiz's map according to % correct below.
 
Answer Stats
Answer % Correct
Panama
84%
Chile
81%
Cuba
81%
Argentina
77%
Ireland
77%
Venezuela
77%
Kenya
74%
Morocco
74%
Netherlands
74%
Poland
74%
Spain
74%
Afghanistan
71%
Colombia
71%
Somalia
71%
Turkey
71%
United Arab Emirates
71%
Greece
68%
Nepal
68%
Sudan
68%
Syria
68%
Thailand
68%
Iraq
65%
Israel
65%
Philippines
65%
Ukraine
65%
Vietnam
65%
Indonesia
61%
Singapore
58%
No matching quizzes found
Score Distribution
Percent of People with Each Score
Percentile by Number Answered
Your Score History
You have not taken this quiz